Dataset Open Access
Anisimov, Andrei;
Mavridou, Kalliopi;
Mathews, Ashin Varghese;
Helm, Manfred;
Astakhov, Georgy
<?xml version='1.0' encoding='UTF-8'?>
<record xmlns="http://www.loc.gov/MARC21/slim">
<leader>00000nmm##2200000uu#4500</leader>
<datafield tag="773" ind1=" " ind2=" ">
<subfield code="a">10.48550/arXiv.2605.03717</subfield>
<subfield code="i">isCitedBy</subfield>
<subfield code="n">doi</subfield>
</datafield>
<datafield tag="773" ind1=" " ind2=" ">
<subfield code="a">10.17815/jlsrf-3-159</subfield>
<subfield code="i">cites</subfield>
<subfield code="n">doi</subfield>
</datafield>
<datafield tag="773" ind1=" " ind2=" ">
<subfield code="a">10.48550/arXiv.2605.03717</subfield>
<subfield code="i">isReferencedBy</subfield>
<subfield code="n">doi</subfield>
</datafield>
<datafield tag="773" ind1=" " ind2=" ">
<subfield code="a">https://www.hzdr.de/publications/Publ-43363</subfield>
<subfield code="i">isIdenticalTo</subfield>
<subfield code="n">url</subfield>
</datafield>
<datafield tag="773" ind1=" " ind2=" ">
<subfield code="a">https://www.hzdr.de/publications/Publ-43358</subfield>
<subfield code="i">isReferencedBy</subfield>
<subfield code="n">url</subfield>
</datafield>
<datafield tag="773" ind1=" " ind2=" ">
<subfield code="a">10.14278/rodare.4651</subfield>
<subfield code="i">isVersionOf</subfield>
<subfield code="n">doi</subfield>
</datafield>
<datafield tag="700" ind1=" " ind2=" ">
<subfield code="a">Mavridou, Kalliopi</subfield>
<subfield code="u">FWIQ</subfield>
<subfield code="0">(orcid)0000-0003-4938-7421</subfield>
</datafield>
<datafield tag="700" ind1=" " ind2=" ">
<subfield code="a">Mathews, Ashin Varghese</subfield>
<subfield code="u">FWIQ</subfield>
<subfield code="0">(orcid)0009-0009-4453-3902</subfield>
</datafield>
<datafield tag="700" ind1=" " ind2=" ">
<subfield code="a">Helm, Manfred</subfield>
<subfield code="u">FWI</subfield>
<subfield code="0">(orcid)0000-0001-8986-9914</subfield>
</datafield>
<datafield tag="700" ind1=" " ind2=" ">
<subfield code="a">Astakhov, Georgy</subfield>
<subfield code="u">FWIQ</subfield>
<subfield code="0">(orcid)0000-0003-1807-3534</subfield>
</datafield>
<controlfield tag="005">20260508072800.0</controlfield>
<controlfield tag="001">4652</controlfield>
<datafield tag="540" ind1=" " ind2=" ">
<subfield code="u">https://creativecommons.org/licenses/by/4.0/legalcode</subfield>
<subfield code="a">Creative Commons Attribution 4.0 International</subfield>
</datafield>
<datafield tag="980" ind1=" " ind2=" ">
<subfield code="a">dataset</subfield>
</datafield>
<datafield tag="856" ind1="4" ind2=" ">
<subfield code="s">43400</subfield>
<subfield code="u">https://rodare.hzdr.de/record/4652/files/Fig1_b ODMR of Cl-related defects in 4H-SiC.dat</subfield>
<subfield code="z">md5:d1685fd47cd0afd1c21f0e84e9fab4f1</subfield>
</datafield>
<datafield tag="856" ind1="4" ind2=" ">
<subfield code="s">43455</subfield>
<subfield code="u">https://rodare.hzdr.de/record/4652/files/Fig1_c ODMR of Cl-related defects in 4H-SiC.dat</subfield>
<subfield code="z">md5:8abe592385a1e3aa226074c53561044e</subfield>
</datafield>
<datafield tag="856" ind1="4" ind2=" ">
<subfield code="s">21190</subfield>
<subfield code="u">https://rodare.hzdr.de/record/4652/files/Fig1_d ODMR of Cl-related defects in 4H-SiC.dat</subfield>
<subfield code="z">md5:f9475a81e4e3ce9cee1dd6ab8ca93ed7</subfield>
</datafield>
<datafield tag="856" ind1="4" ind2=" ">
<subfield code="s">43131</subfield>
<subfield code="u">https://rodare.hzdr.de/record/4652/files/Fig1_e ODMR of Cl-related defects in 4H-SiC.dat</subfield>
<subfield code="z">md5:95c090ba1b19e72404298674c39dffcd</subfield>
</datafield>
<datafield tag="856" ind1="4" ind2=" ">
<subfield code="s">49885</subfield>
<subfield code="u">https://rodare.hzdr.de/record/4652/files/Fig2_a Optical spectroscopy and photoexcitation dynamics of Cl-related defects in 4H-SiC.dat</subfield>
<subfield code="z">md5:58524746fcc401767004cca8c2009103</subfield>
</datafield>
<datafield tag="856" ind1="4" ind2=" ">
<subfield code="s">11165</subfield>
<subfield code="u">https://rodare.hzdr.de/record/4652/files/Fig2_b Optical spectroscopy and photoexcitation dynamics of Cl-related defects in 4H-SiC.dat</subfield>
<subfield code="z">md5:373d7b16974e6204192e6f2e869d1bd4</subfield>
</datafield>
<datafield tag="856" ind1="4" ind2=" ">
<subfield code="s">343869</subfield>
<subfield code="u">https://rodare.hzdr.de/record/4652/files/Fig2_c Optical spectroscopy and photoexcitation dynamics of Cl-related defects in 4H-SiC.dat</subfield>
<subfield code="z">md5:79735a92911602db493628ed67ec4866</subfield>
</datafield>
<datafield tag="856" ind1="4" ind2=" ">
<subfield code="s">47265</subfield>
<subfield code="u">https://rodare.hzdr.de/record/4652/files/Fig2_d Optical spectroscopy and photoexcitation dynamics of Cl-related defects in 4H-SiC.dat</subfield>
<subfield code="z">md5:fc6dd183c6f77a7f3eee654bf2d09dd7</subfield>
</datafield>
<datafield tag="856" ind1="4" ind2=" ">
<subfield code="s">275604</subfield>
<subfield code="u">https://rodare.hzdr.de/record/4652/files/Fig3_a Coupled electron-nuclear spins of Cl-related defects in 4H-SiC.dat</subfield>
<subfield code="z">md5:2ea60819a8fc836e0028d0252ec47ce4</subfield>
</datafield>
<datafield tag="856" ind1="4" ind2=" ">
<subfield code="s">22232</subfield>
<subfield code="u">https://rodare.hzdr.de/record/4652/files/Fig3_b Coupled electron-nuclear spins of Cl-related defects in 4H-SiC.dat</subfield>
<subfield code="z">md5:501fa991895dce38650f5ca565d16494</subfield>
</datafield>
<datafield tag="856" ind1="4" ind2=" ">
<subfield code="s">1072419</subfield>
<subfield code="u">https://rodare.hzdr.de/record/4652/files/Fig3_c Coupled electron-nuclear spins of Cl-related defects in 4H-SiC.dat</subfield>
<subfield code="z">md5:25684542e452c2f615d53fd328f9aea9</subfield>
</datafield>
<datafield tag="856" ind1="4" ind2=" ">
<subfield code="s">40105</subfield>
<subfield code="u">https://rodare.hzdr.de/record/4652/files/Fig3_d Coupled electron-nuclear spins of Cl-related defects in 4H-SiC.dat</subfield>
<subfield code="z">md5:4b3a853670552e866d1f9651978c5088</subfield>
</datafield>
<datafield tag="856" ind1="4" ind2=" ">
<subfield code="s">42403</subfield>
<subfield code="u">https://rodare.hzdr.de/record/4652/files/Fig3_e Coupled electron-nuclear spins of Cl-related defects in 4H-SiC.dat</subfield>
<subfield code="z">md5:493d9e41f1014abf838c90c4f4cd0555</subfield>
</datafield>
<datafield tag="856" ind1="4" ind2=" ">
<subfield code="s">6520</subfield>
<subfield code="u">https://rodare.hzdr.de/record/4652/files/Fig4_a Coherent spin dynamics of Cl-related defects in 4H-SiC.dat</subfield>
<subfield code="z">md5:c8f2fe4d55c9e10f39ad72b4b7ee7063</subfield>
</datafield>
<datafield tag="856" ind1="4" ind2=" ">
<subfield code="s">1011</subfield>
<subfield code="u">https://rodare.hzdr.de/record/4652/files/Fig4_b Coherent spin dynamics of Cl-related defects in 4H-SiC.dat</subfield>
<subfield code="z">md5:c4af5670d7d68257d6563cd4e6164631</subfield>
</datafield>
<datafield tag="856" ind1="4" ind2=" ">
<subfield code="s">10956</subfield>
<subfield code="u">https://rodare.hzdr.de/record/4652/files/FigS1_a Room-temperature time-resolved spectroscopy.dat</subfield>
<subfield code="z">md5:bcf6919533482e74da559d62087ed6ec</subfield>
</datafield>
<datafield tag="856" ind1="4" ind2=" ">
<subfield code="s">473079</subfield>
<subfield code="u">https://rodare.hzdr.de/record/4652/files/FigS1_b Room-temperature time-resolved spectroscopy.dat</subfield>
<subfield code="z">md5:08960759d8e53aea16972728d80befc2</subfield>
</datafield>
<datafield tag="856" ind1="4" ind2=" ">
<subfield code="s">8529</subfield>
<subfield code="u">https://rodare.hzdr.de/record/4652/files/FigS2_a RF-assisted spectroscopy.dat</subfield>
<subfield code="z">md5:79e83935469c1d54fd6f2cf7727cc694</subfield>
</datafield>
<datafield tag="856" ind1="4" ind2=" ">
<subfield code="s">2564</subfield>
<subfield code="u">https://rodare.hzdr.de/record/4652/files/FigS2_b RF-assisted spectroscopy.dat</subfield>
<subfield code="z">md5:0e3c66257c594b43562f3bc74ed74017</subfield>
</datafield>
<datafield tag="856" ind1="4" ind2=" ">
<subfield code="s">184116</subfield>
<subfield code="u">https://rodare.hzdr.de/record/4652/files/FigS3_b RF-induced PL dynamics.dat</subfield>
<subfield code="z">md5:f395113b077bd81d767d02757e5adb25</subfield>
</datafield>
<datafield tag="856" ind1="4" ind2=" ">
<subfield code="s">4244</subfield>
<subfield code="u">https://rodare.hzdr.de/record/4652/files/FigS3_c RF-induced PL dynamics.dat</subfield>
<subfield code="z">md5:fab0c85582987e60c0c64c2e2bfda064</subfield>
</datafield>
<datafield tag="856" ind1="4" ind2=" ">
<subfield code="s">6520</subfield>
<subfield code="u">https://rodare.hzdr.de/record/4652/files/FigS4_a Ramsey fringes.dat</subfield>
<subfield code="z">md5:c8f2fe4d55c9e10f39ad72b4b7ee7063</subfield>
</datafield>
<datafield tag="856" ind1="4" ind2=" ">
<subfield code="s">1016</subfield>
<subfield code="u">https://rodare.hzdr.de/record/4652/files/FigS4_b Ramsey fringes.dat</subfield>
<subfield code="z">md5:25a748322638723e23fbf1e85905df7e</subfield>
</datafield>
<datafield tag="520" ind1=" " ind2=" ">
<subfield code="a"><p>This dataset provides the first experimental demonstration of chlorine-related color centers in silicon carbide exhibiting coherent spin properties and optical emission in the telecom band.</p></subfield>
</datafield>
<datafield tag="909" ind1="C" ind2="O">
<subfield code="o">oai:rodare.hzdr.de:4652</subfield>
<subfield code="p">openaire_data</subfield>
<subfield code="p">user-rodare</subfield>
<subfield code="p">user-fwi</subfield>
</datafield>
<datafield tag="100" ind1=" " ind2=" ">
<subfield code="a">Anisimov, Andrei</subfield>
<subfield code="u">FWIQ</subfield>
<subfield code="0">(orcid)0000-0003-2171-7943</subfield>
</datafield>
<datafield tag="024" ind1=" " ind2=" ">
<subfield code="a">10.14278/rodare.4652</subfield>
<subfield code="2">doi</subfield>
</datafield>
<datafield tag="245" ind1=" " ind2=" ">
<subfield code="a">Data publication: Telecom-band quantum memory with chlorine defects in silicon carbide</subfield>
</datafield>
<datafield tag="650" ind1="1" ind2="7">
<subfield code="a">cc-by</subfield>
<subfield code="2">opendefinition.org</subfield>
</datafield>
<datafield tag="542" ind1=" " ind2=" ">
<subfield code="l">open</subfield>
</datafield>
<datafield tag="980" ind1=" " ind2=" ">
<subfield code="a">user-fwi</subfield>
</datafield>
<datafield tag="980" ind1=" " ind2=" ">
<subfield code="a">user-rodare</subfield>
</datafield>
<datafield tag="260" ind1=" " ind2=" ">
<subfield code="c">2026-05-05</subfield>
</datafield>
</record>
| All versions | This version | |
|---|---|---|
| Views | 33 | 33 |
| Downloads | 32 | 32 |
| Data volume | 4.5 MB | 4.5 MB |
| Unique views | 31 | 31 |
| Unique downloads | 30 | 30 |